[Event "Olympiad-39"]
[Site "Khanty-Mansiysk"]
[Date "2010.09.24"]
[Round "4.3"]
[White "Shaw, John"]
[Black "Kuderinov, Kirill"]
[Result "0-1"]
[WhiteElo "2446"]
[BlackElo "2481"]
[PlyCount "72"]
[EventDate "2010.09.21"]
[EventType "team-swiss"]
[EventRounds "11"]
[EventCountry "RUS"]
[SourceTitle "CBM 139"]
[Source "ChessBase"]
[SourceDate "2010.11.18"]
[SourceVersion "1"]
[SourceVersionDate "2010.11.18"]
[SourceQuality "1"]
[WhiteTeam "Scotland"]
[BlackTeam "Kazakhstan"]
[WhiteTeamCountry "SCO"]
[BlackTeamCountry "KAZ"]

1. e4 c5 2. b3 d6 3. Bb2 Nf6 4. Bb5+ Nbd7 5. d3 e6 6. c4 Be7 7. f4 0-0 8. Bxd7 Nxd7 9. Nf3 b5 10. 0-0 bxc4 11. bxc4 Rb8 12. Bc3 d5 13. Na3 Bb7 14. Qe2 d4 15. Bd2 f6 16. Rab1 Bc6 17. Rxb8 Qxb8 18. Rb1 Qd8 19. Qe1 a6 20. Nc2 Qe8 21. Qe2 Qg6 22. Na1 f5 23. e5 h6 24. Nb3 Rb8 25. Qf2 Qe8 26. Qf1 Kh7 27. Kh1 Ba8 28. Bc1 Qf7 29. Nbd2 Rg8 30. Qe2 g5 31. fxg5 hxg5 32. Nf1 g4 33. Ng1 f4 34. Nd2 f3 35. gxf3 gxf3 36. Ndxf3 Nxe5 0-1

[Event "Olympiad-39"]
[Site "Khanty-Mansiysk"]
[Date "2010.09.22"]
[Round "2.4"]
[White "Efimenko, Zahar"]
[Black "Shaw, John"]
[Result "1-0"]
[WhiteElo "2683"]
[BlackElo "2446"]
[PlyCount "97"]
[EventDate "2010.09.21"]
[EventType "team-swiss"]
[EventRounds "11"]
[EventCountry "RUS"]
[SourceTitle "CBM 139"]
[Source "ChessBase"]
[SourceDate "2010.11.18"]
[SourceVersion "1"]
[SourceVersionDate "2010.11.18"]
[SourceQuality "1"]
[WhiteTeam "Ukraine"]
[BlackTeam "Scotland"]
[WhiteTeamCountry "UKR"]
[BlackTeamCountry "SCO"]

1. d4 d5 2. c4 c6 3. Nf3 Nf6 4. e3 Bg4 5. h3 Bh5 6. Qb3 Qb6 7. Nc3 e6 8. Ne5 Nfd7 9. Nd3 Bg6 10. Qd1 h6 11. Nf4 Bh7 12. Nh5 Bg6 13. Be2 Bxh5 14. Bxh5 Nf6 15. Be2 Nbd7 16. 0-0 Be7 17. c5 Qc7 18. b4 a6 19. Qc2 0-0 20. Bd2 e5 21. f4 e4 22. a4 Nh7 23. b5 axb5 24. axb5 Rfb8 25. Na2 Nhf8 26. Nb4 Qc8 27. bxc6 bxc6 28. Ra6 Rxa6 29. Bxa6 Qc7 30. Qa4 Ra8 31. Qxc6 Qxc6 32. Nxc6 Bxc5 33. dxc5 Rxa6 34. Ne7+ Kh7 35. c6 Nb6 36. c7 Ra8 37. Rc1 Nc8 38. Nxd5 Nd7 39. Bb4 Kg6 40. Ne7+ Nxe7 41. Bxe7 Rc8 42. Bd6 Nf6 43. Rb1 Ne8 44. Be5 f6 45. Rb8 Rxc7 46. Bxc7 Nxc7 47. g4 Nd5 48. Kf2 f5 49. Rb5 1-0